000 00373 a2200157 4500
003 Nust
005 20170207171606.0
040 _cNust
082 _a005.1
100 _aIjaz, Tania (MSCS-19)
245 _aSemantic Scene Modeling Using Optical Flow
_cTania Ijaz
260 _aRawalpindi
_bMCS,NUST
_cOctober,2015
300 _a60 p
650 _aPG Thesis MSCS
651 _aMSCS-19
942 _cTHS
999 _c217587
_d217587